000 00201 a2200097 4500
001 25940
100 _aASM
245 _aSelected values of thermodynamics
260 _a
_bASM
_c
090 _c17543
_d17543
942 _aNUST-CAE
_cM
_c8384
999 _c261013
_d261013